Quality and consistency of natural rubber: Proceedings of IRRDB symposium. Manila. Philippines. October 1991 (Record no. 43570)

MARC details
000 -LEADER
fixed length control field 00351nam a2200109Ia 4500
082 ## - DEWEY DECIMAL CLASSIFICATION NUMBER
Classification number NR:063IR`1990'
Item number IRR
245 #0 - TITLE STATEMENT
Title Quality and consistency of natural rubber: Proceedings of IRRDB symposium. Manila. Philippines. October 1991
260 ## - PUBLICATION, DISTRIBUTION, ETC. (IMPRINT)
Place of publication UK
Name of publisher IRRDB
Year of publication 1992
650 ## - SUBJECT ADDED ENTRY--TOPICAL TERM
Topical Term Natural Rubber
942 ## - ADDED ENTRY ELEMENTS (KOHA)
Koha item type Books
Holdings
Withdrawn status Lost status Damaged status Not for loan Home library Current library Date acquired Source of acquisition Full call number Accession Number Koha item type
        RRII Library RRII Library 16/12/2021 Gift NR:063IR`1990' IRR G00322 Books